Physical science

সংরক্ষণ করুন:
গ্রন্থ-পঞ্জীর বিবরন
প্রধান লেখক: Timothy M Cooney
বিন্যাস: গ্রন্থ
ভাষা:Undetermined
প্রকাশিত: Glenview, Illinois Scott, Foresman 1990
বিষয়গুলি:
ট্যাগগুলো: ট্যাগ যুক্ত করুন
কোনো ট্যাগ নেই, প্রথমজন হিসাবে ট্যাগ করুন!
Thư viện lưu trữ: Trung tâm Học liệu Trường Đại học Cần Thơ
LEADER 00556nam a2200193Ia 4500
001 CTU_16313
008 210402s9999 xx 000 0 und d
020 |b USA 
082 |a 530 
082 |b P578/1990 
100 |a Timothy M Cooney 
245 0 |a Physical science 
245 0 |c Timothy M Cooney, Jay M Pasachoff, Naomi Pasachoff 
260 |a Glenview, Illinois 
260 |b Scott, Foresman 
260 |c 1990 
650 |a physical sciences 
904 |i Nguyễn Quang Điền, 970514 
980 |a Trung tâm Học liệu Trường Đại học Cần Thơ